000 01275nam0a2200313 4500
001 RU\NLR\bibl\895373
005 20260406042217.0
010 _a5-9490-9513-8
_92500
021 _aRU
_b2005-76412
_93767
035 _a(NLR Aleph) 000883843
090 _a1675812
_c1675812
100 _a20060110d2006 |||y0rusy50 ca
101 0 _arus
102 _aRU
105 _ay |||||||||
200 1 _aКак оформить приказ
_e[проекты приказов, формы бланков, формулировки, правовая экспертиза, правила регистрации]
_fС. А. Калачева
210 _aМосква
_cКнига сервис
_d2006 (печ. 2005)
215 _a79 с.
_d21
606 1 _aПриказы
_xПодготовка
_yРоссийская Федерация
_92410010
_3RU\NLR\auth\661436007
606 1 _aКадры
_xУправление
_xДокументация
_yРоссийская Федерация
_92240854
_3RU\NLR\auth\661344649
686 _aХ627.1
686 _aУ21(2)286
700 1 _4070
_8rus
_7ca
_aКалачева
_bС. А.
_3RU\NLR\AUTH\772484
_9112494
801 0 _aRU
_bNLR
_c20060110
_grcr
801 1 _aRU
_bNLR
_c20060110
942 _cBOOK
980 _aNB